| 000 | 00541nam a22001817a 4500 | ||
|---|---|---|---|
| 005 | 20230331150505.0 | ||
| 008 | 230331b |||||||| |||| 00| 0 eng d | ||
| 020 | _a978-0-387-24143-2 | ||
| 041 | _aeng | ||
| 082 | _a579.3 BRE-B | ||
| 100 |
_aBRENNER, DON J., KRIEG , NOEL R., AND STALEY, JAMES T. _97575 |
||
| 245 | _aBERGEY'S MANUAL OF SYSTEMIC BACTERIOLOGY VOL-2 THE PROTEOBACTERIA PART A - INTRODUCTORY ESSAYS | ||
| 250 | _a2nd ed. | ||
| 260 | _bSPRINGER | ||
| 300 | _a721;P. | ||
| 650 |
_aPHARMACY _xB.PHARMA _97576 |
||
| 942 | _cBK | ||
| 999 |
_c8258 _d8256 |
||